LEADER 01240nam a2200289|i 4500 001 991003769359707536 005 20021223130548.0 008 020509s1998 it u u itauu 020 $a8814069441 035 $ab11861356-39ule_inst 035 $aLE02988098$9ExL 040 $aISUFI - Sett. Diritti e Politiche Euromediterranee$bita 082 0 $a336 110 2 $aCentro nazionale di prevenzione e difesa sociale :$bOsservatorio Giordano Dell'Amore sui rapporti tra diritto ed economia$032906 245 13$aIl federalismo fiscale, La Costituzione economica 260 0 $aMilano :$bGiuffrè,$cc1998 300 $a84, 33 p. ;$c24 cm 490 0 $aQuaderni / Osservatorio Giordano Dell'Amore sui rapporti tra diritto ed economia ;$v1. 500 $aRelazioni presentate a due convegni tenuti a Milano nel 1995 e 1996 650 4$aFederalismo fiscale 650 4$aTributi - Riforma$zItalia 907 $a.b11861356$b28-04-17$c23-12-02 912 $a991003769359707536 945 $aLE029 336 CNP01.01 CSFI$g1$iLE029-3834$lle029$o-$pE0.00$q-$rn$so $t0$u0$v0$w0$x0$y.i1211375x$z23-12-02 996 $aFederalismo fiscale, La Costituzione economica$9901336 997 $aUNISALENTO 998 $ale029$b01-01-02$cm$da $e-$fita$git $h3$i1